Vista normal Vista MARC

Entrada Topical Term

Número de registros utilizados en: 1

001 - CONTROL NUMBER

  • control field: 41907

003 - CONTROL NUMBER IDENTIFIER

  • control field: OSt

005 - DATE AND TIME OF LATEST TRANSACTION

  • control field: 20220118101509.0

008 - FIXED-LENGTH DATA ELEMENTS

  • fixed length control field: 220118|| aca||aabn | a|a d

040 ## - CATALOGING SOURCE

  • Original cataloging agency: OSt
  • Transcribing agency: OSt

150 ## - HEADING--TOPICAL TERM

  • Topical term or geographic name entry element: Administración.
  • Form subdivision: Deuda publica.
  • Chronological subdivision: 1986-1995

670 ## - SOURCE DATA FOUND

  • Source citation: Work cat.: (OSt)12814: Colombia. Contraloria Santafe de Bogotá D.C. 41906, Evolucion de la deuda publica distrito capital : , 1996.